Les 20 Youtubeurs français avec le plus d'abonnés - Statistiques

Statistiques générales
  • Ce quiz a été pris 278 fois
  • Le résultat moyen est 9 sur 20
Statistiques - réponses
Hint Réponse % Correct
19.3M Squeezie
97%
26.1M Tibo InShape
94%
8.8M Inoxtag
88%
10.3M Michou
88%
14.5M Cyprien
83%
11.5M Norman
71%
6.4M Mastu
70%
8.8M Amixem
68%
6.5M Joyca
64%
7.4M McFly et Carlito
53%
6.3M Mister V
38%
9.7M Lama Faché
30%
6.7M Swan et Néo
26%
7.4M Furious Jumper
12%
7.4M Rémi Gaillard
12%
6.1M FastGoodCuisine
11%
6.0M Bigorneaux et Coquillages
4%
9.5M Tuvok12
3%
5.9M Dimerci TV
1%
7.4M Tonyczh
1%
Aucun quiz correspondant
Distribution des résultats
% des personnes avec chaque résultat
Percentile par nombre de réponses
Votre historique - résultats
Vous n’avez pas pris ce quiz